| 000 | 00563 a2200169 4500 | ||
|---|---|---|---|
| 020 | _a8173591091 (paperback) | ||
| 020 | _a9788173591099 (paperback) | ||
| 090 |
_c4800 _d4800 |
||
| 100 | 1 | _aSingh, Jagjeet. | |
| 245 | 1 | 0 |
_aConducting job interviews / _cJagjeet Singh, Adrian Holden. |
| 260 |
_a[S.l.] : _bSterling Publishers Pvt.Ltd ,India, _c1997. |
||
| 300 |
_a204 p. ; _c22 cm. |
||
| 500 | _aImport. | ||
| 700 | 1 | _aHolden, Adrian. | |
| 856 | 4 | 0 |
_3Amazon.com _uhttp://www.amazon.com/exec/obidos/ASIN/8173591091/chopaconline-20 |
| 942 |
_aNBS _cBK _k658.31124 SIN |
||
| 999 |
_c347231 _d347231 |
||